000 00627nam a2200169 i 4500
001 93896
003 ES-MaACL
005 20230906181335.0
007 t|
008 050422s1964 sp ||||1| spa d
100 1 _aLópez de Prado, Joaquín.
_973580
245 1 0 _aDerecho de misión y libertad religiosa en los juristas clásicos de la Compañía de Jesús /
_cJoaquín López de Prado S. J.
260 _aMadrid :
_bUniversidad Pontificia de Comillas,
_c1964.
300 _a64 p. ;
_c25 cm.
500 _aLección inaugural del curso en la Facultad de Derecho Canónico 1964-1965.
852 _aES-MaACL
_j2043-F-17
_bR.55141
999 _c93896
_d93896